[Event "15. Obert Int. Sant Marti 2013"]
[Site "Barcelona ESP"]
[Date "2013.07.14"]
[Round "2.34"]
[White "Perez Mitjans, Orelvis"]
[Black "Montell Zabay, Alberto"]
[Result "1-0"]
[WhiteElo "2495"]
[BlackElo "2026"]
[PlyCount "51"]
[EventDate "2013.07.13"]
[EventType "swiss"]
[EventRounds "9"]
[EventCountry "ESP"]
[SourceTitle "Ajedrez en Madrid"]
[Source "lmi"]
[SourceDate "2013.07.13"]
[SourceVersion "1"]
[SourceVersionDate "2019.06.21"]
[SourceQuality "1"]

1. e4 d5 2. exd5 Nf6 3. d4 Nxd5 4. c4 Nb6 5. Nc3 g6 6. c5 Nd5 7. Bc4 c6 8. Qb3
e6 9. Ne4 Qh4 10. Bd3 Qd8 11. Nf3 Nd7 12. h4 h6 13. Bd2 f5 14. Ng3 Bg7 15.
O-O-O b6 16. Rhe1 Kf7 17. h5 g5 18. Bxf5 exf5 19. Nxf5 Bf6 20. Nd6+ Kg7 21. Qc2
Nf8 22. Re8 Qd7 23. Rde1 bxc5 24. dxc5 Rb8 25. Ne5 Bxe5 26. R1xe5 1-0

[Event "15. Obert Int. Sant Marti 2013"]
[Site "Barcelona ESP"]
[Date "2013.07.14"]
[Round "2.35"]
[White "Manelidou, Maria"]
[Black "Munoz Pantoja, Miguel"]
[Result "1/2-1/2"]
[WhiteElo "2030"]
[BlackElo "2457"]
[PlyCount "145"]
[EventDate "2013.07.13"]
[EventType "swiss"]
[EventRounds "9"]
[EventCountry "ESP"]
[SourceTitle "Ajedrez en Madrid"]
[Source "lmi"]
[SourceDate "2013.07.13"]
[SourceVersion "1"]
[SourceVersionDate "2019.06.21"]
[SourceQuality "1"]

1. e4 d5 2. exd5 Qxd5 3. Nc3 Qa5 4. Bc4 Nf6 5. d3 c6 6. Qe2 g6 7. Bd2 Qc7 8.
Nf3 Bg7 9. a3 O-O 10. O-O Bg4 11. Rfe1 Bxf3 12. Qxf3 e6 13. Bf4 Qb6 14. Rab1
Nbd7 15. Ne4 Nd5 16. Bd6 Rfd8 17. Qg3 Rac8 18. b4 N7f6 19. Bc5 Qc7 20. Qxc7
Rxc7 21. Bxa7 Ra8 22. Bd4 Nxe4 23. Bxg7 Kxg7 24. dxe4 Nb6 25. Bd3 Rxa3 26. Ra1
Rc3 27. Kf1 c5 28. bxc5 Nd7 29. Reb1 Nxc5 30. Ke2 Rd7 31. Rd1 f5 32. f3 Rc7 33.
Ra2 Kf6 34. Kd2 Nd7 35. Rb1 Ne5 36. Rb4 h5 37. Rab2 Ra3 38. exf5 gxf5 39. Rxb7
Nxd3 40. cxd3 Rxb7 41. Rxb7 Ra2+ 42. Ke3 Rxg2 43. h4 Rh2 44. Rb4 Ke5 45. Rb5+
Kd6 46. Rb6+ Kd5 47. Rb5+ Kc6 48. Rb4 Kc5 49. Ra4 Kd6 50. Ra6+ Ke7 51. Ra4 Kf6
52. Rb4 Rh1 53. Ra4 Re1+ 54. Kf2 Rb1 55. Ke3 Rb5 56. Rc4 Ke5 57. Ra4 Rd5 58.
Rb4 f4+ 59. Kd2 Ra5 60. Kc3 Kf5 61. Rb8 Ke5 62. Rh8 Rc5+ 63. Kd2 Kd4 64. Rd8+
Rd5 65. Rh8 e5 66. Ra8 Rd7 67. Ra4+ Kd5 68. Ra5+ Ke6 69. Ra6+ Rd6 70. Rxd6+
Kxd6 71. Kd1 Kc5 72. Kc1 Kd5 73. Kd1 1/2-1/2

[Event "15. Obert Int. Sant Marti 2013"]
[Site "Barcelona ESP"]
[Date "2013.07.14"]
[Round "2.36"]
[White "Valdes Romero, Leonardo"]
[Black "Frank-Nielsen, Marie"]
[Result "1-0"]
[WhiteElo "2444"]
[BlackElo "2016"]
[PlyCount "77"]
[EventDate "2013.07.13"]
[EventType "swiss"]
[EventRounds "9"]
[EventCountry "ESP"]
[SourceTitle "Ajedrez en Madrid"]
[Source "lmi"]
[SourceDate "2013.07.13"]
[SourceVersion "1"]
[SourceVersionDate "2019.06.21"]
[SourceQuality "1"]

1. Nf3 Nf6 2. c4 g6 3. g3 Bg7 4. Bg2 O-O 5. O-O d6 6. Nc3 e5 7. d3 Nc6 8. Rb1
Nh5 9. b4 f5 10. b5 Ne7 11. Qb3 Kh8 12. Ba3 h6 13. c5 Rf6 14. cxd6 cxd6 15.
Nxe5 dxe5 16. Bxe7 Qxe7 17. Nd5 Qd6 18. Nxf6 Nxf6 19. Qf7 Kh7 20. Rbc1 Bd7 21.
Bxb7 Rb8 22. Bc6 Rf8 23. Qb3 Be6 24. Qa4 Rf7 25. Bg2 f4 26. Rc6 Qd7 27. Rfc1
fxg3 28. hxg3 Nd5 29. Qe4 Nb6 30. a4 Bf5 31. Qb4 Be6 32. a5 Nd5 33. Qd6 Re7 34.
Qxd7 Bxd7 35. Bxd5 Bxc6 36. Rxc6 Rb7 37. b6 axb6 38. axb6 g5 39. Be4+ 1-0

[Event "15. Obert Int. Sant Marti 2013"]
[Site "Barcelona ESP"]
[Date "2013.07.14"]
[Round "2.37"]
[White "Zemlicka, Vit"]
[Black "Panelo, Marcelo"]
[Result "0-1"]
[WhiteElo "2016"]
[BlackElo "2428"]
[PlyCount "72"]
[EventDate "2013.07.13"]
[EventType "swiss"]
[EventRounds "9"]
[EventCountry "ESP"]
[SourceTitle "Ajedrez en Madrid"]
[Source "lmi"]
[SourceDate "2013.07.13"]
[SourceVersion "1"]
[SourceVersionDate "2019.06.21"]
[SourceQuality "1"]

1. e4 c5 2. Nf3 d6 3. d4 Nf6 4. Nc3 cxd4 5. Nxd4 a6 6. Be3 e5 7. Nb3 Be6 8. f3
Be7 9. Qd2 O-O 10. O-O-O a5 11. a4 Nc6 12. g4 Nb4 13. g5 Ne8 14. h4 Rc8 15. f4
exf4 16. Bxf4 Qb6 17. Bb5 Qa7 18. Be3 b6 19. Nd4 Nc7 20. Nf5 Nxb5 21. Nxb5 Qd7
22. Nxe7+ Qxe7 23. Nd4 Nxc2 24. Nxc2 Bb3 25. Rh2 Rxc2+ 26. Qxc2 Bxc2 27. Rxc2
Qxe4 28. Bxb6 Qxh4 29. Bxa5 Qxa4 30. Bc3 Ra8 31. Rd4 Qa1+ 32. Kd2 Qg1 33. Kd3
Qf1+ 34. Kd2 Re8 35. Bb4 Qf2+ 36. Kc3 Rc8+ 0-1

[Event "15. Obert Int. Sant Marti 2013"]
[Site "Barcelona ESP"]
[Date "2013.07.14"]
[Round "2.38"]
[White "Ofstad, Sigurd"]
[Black "Galopoulos, Nikolaos"]
[Result "0-1"]
[WhiteElo "2007"]
[BlackElo "2343"]
[PlyCount "126"]
[EventDate "2013.07.13"]
[EventType "swiss"]
[EventRounds "9"]
[EventCountry "ESP"]
[SourceTitle "Ajedrez en Madrid"]
[Source "lmi"]
[SourceDate "2013.07.13"]
[SourceVersion "1"]
[SourceVersionDate "2019.06.21"]
[SourceQuality "1"]

1. f4 d5 2. Nf3 Nc6 3. e3 Bg4 4. Bb5 Qd6 5. b3 Nf6 6. Ba3 Bxf3 7. Qxf3 Qd7 8.
c4 e6 9. Bb2 Be7 10. O-O O-O 11. d4 a6 12. Bxc6 Qxc6 13. Nc3 b5 14. c5 a5 15.
Ne2 b4 16. Ng3 a4 17. Rab1 Rfe8 18. Rfe1 g6 19. Red1 Bf8 20. Nh1 Bg7 21. Nf2
Qb5 22. g4 Qb7 23. Rd2 Red8 24. h4 h5 25. gxh5 Nxh5 26. Nh1 axb3 27. axb3 Bf6
28. Ng3 Nxg3 29. Qxg3 Kf8 30. Kg2 Ke7 31. Kf3 Rh8 32. Rh2 Rh5 33. Rbh1 Qb5 34.
Rd2 Rah8 35. Kg2 Bxh4 36. Qf3 Qc6 37. Bc1 g5 38. Ra2 Qb5 39. Qe2 Qxe2+ 40. Rxe2
gxf4 41. exf4 Bf6 42. Rxh5 Rxh5 43. Be3 Rh8 44. Ra2 Bh4 45. Ra4 Be1 46. Bf2 Bc3
47. Ra6 Kd7 48. f5 e5 49. dxe5 Bxe5 50. Ra4 Bc3 51. Ra6 Rh5 52. Bg3 Rg5 53. c6+
Ke7 54. Kh3 Rxf5 55. Bxc7 d4 56. Bg3 d3 57. c7 Rh5+ 58. Kg4 Rh8 59. Bh4+ Kd7
60. Bd8 d2 61. Rd6+ Kxd6 62. c8=Q d1=Q+ 63. Kg3 Be5+ 0-1

[Event "15. Obert Int. Sant Marti 2013"]
[Site "Barcelona ESP"]
[Date "2013.07.14"]
[Round "2.39"]
[White "Salomon, Johan"]
[Black "Grebstad, Kjell Borre"]
[Result "1-0"]
[WhiteElo "2211"]
[BlackElo "2005"]
[PlyCount "33"]
[EventDate "2013.07.13"]
[EventType "swiss"]
[EventRounds "9"]
[EventCountry "ESP"]
[SourceTitle "Ajedrez en Madrid"]
[Source "lmi"]
[SourceDate "2013.07.13"]
[SourceVersion "1"]
[SourceVersionDate "2019.06.21"]
[SourceQuality "1"]

1. d4 Nf6 2. Nf3 e6 3. Bg5 d5 4. e3 c5 5. c3 Nc6 6. Nbd2 h6 7. Bh4 Bd6 8. Be2
O-O 9. O-O b6 10. e4 cxd4 11. exd5 exd5 12. Bb5 Bd7 13. Bxc6 Bxc6 14. Nxd4 Bd7
15. Qf3 Bg4 16. Bxf6 Bxf3 17. Bxd8 1-0

[Event "15. Obert Int. Sant Marti 2013"]
[Site "Barcelona ESP"]
[Date "2013.07.14"]
[Round "2.40"]
[White "Blandon Villa, Diego F"]
[Black "Kjolberg, Jens Hjorth"]
[Result "1/2-1/2"]
[WhiteElo "2196"]
[BlackElo "1999"]
[PlyCount "122"]
[EventDate "2013.07.13"]
[EventType "swiss"]
[EventRounds "9"]
[EventCountry "ESP"]
[SourceTitle "Ajedrez en Madrid"]
[Source "lmi"]
[SourceDate "2013.07.13"]
[SourceVersion "1"]
[SourceVersionDate "2019.06.21"]
[SourceQuality "1"]

1. c4 Nf6 2. Nc3 g6 3. Nf3 Bg7 4. g3 O-O 5. Bg2 d6 6. O-O Nc6 7. d3 e5 8. Rb1
a5 9. a3 Nd4 10. Bg5 h6 11. Bxf6 Bxf6 12. Nd2 c6 13. e3 Nf5 14. b4 axb4 15.
axb4 Ne7 16. b5 Be6 17. Nb3 Bg7 18. Qe2 f5 19. Rfc1 Bf7 20. Ra1 Qc7 21. Ra2
Rxa2 22. Qxa2 f4 23. Qa5 Qb8 24. Nd2 fxe3 25. fxe3 h5 26. bxc6 bxc6 27. Rb1 Qc8
28. Rb6 Bh6 29. Nf1 Qf5 30. e4 Qf6 31. Qb4 Be6 32. Qb2 h4 33. Rb8 h3 34. Rxf8+
Qxf8 35. Bh1 Qa8 36. Bf3 Qa7+ 37. Qf2 Qa3 38. Qc2 Qa1 39. Ne2 Qa7+ 40. d4 exd4
41. Qd3 c5 42. Nf4 Bxf4 43. gxf4 Qa6 44. Nd2 Qa1+ 45. Kf2 Qc3 46. Be2 Nc6 47.
Qg3 Bf7 48. Nf1 Nb4 49. f5 Qxg3+ 50. Kxg3 d3 51. Bd1 gxf5 52. Nd2 fxe4 53. Kf4
d5 54. cxd5 Bxd5 55. Nxe4 Bxe4 56. Kxe4 Kf7 57. Bg4 Kf6 58. Bxh3 Kg5 59. Bf1 c4
60. Kd4 Nc2+ 61. Kxc4 Ne3+ 1/2-1/2

[Event "15. Obert Int. Sant Marti 2013"]
[Site "Barcelona ESP"]
[Date "2013.07.14"]
[Round "2.41"]
[White "Zapata Arbelaez, Estiven"]
[Black "Anguera Maestro, Jaime"]
[Result "1/2-1/2"]
[WhiteElo "2001"]
[BlackElo "2180"]
[PlyCount "91"]
[EventDate "2013.07.13"]
[EventType "swiss"]
[EventRounds "9"]
[EventCountry "ESP"]
[SourceTitle "Ajedrez en Madrid"]
[Source "lmi"]
[SourceDate "2013.07.13"]
[SourceVersion "1"]
[SourceVersionDate "2019.06.21"]
[SourceQuality "1"]

1. d4 d5 2. c4 c6 3. Nc3 Nf6 4. Nf3 e6 5. e3 Be7 6. Qc2 O-O 7. Be2 b6 8. O-O
Bb7 9. b3 Nbd7 10. Bb2 Rc8 11. Bd3 c5 12. Qe2 Ne4 13. Rac1 f5 14. cxd5 exd5 15.
Ba6 Qc7 16. Rfd1 Ndf6 17. Na4 Bd6 18. dxc5 bxc5 19. Bxb7 Qxb7 20. Be5 Qe7 21.
Bxf6 Nxf6 22. Nc3 Rfd8 23. Qd3 g6 24. Nxd5 Bxh2+ 25. Kxh2 Rxd5 26. Qc4 Rcd8 27.
Rxd5 Rxd5 28. Rd1 Qd6+ 29. g3 Kg7 30. Rxd5 Nxd5 31. Ne1 Nf6 32. Nd3 Ne4 33. Kg2
h5 34. b4 cxb4 35. Nxb4 Nf6 36. Qd4 Qb6 37. Qxb6 axb6 38. f3 Kf7 39. Kf2 Ke6
40. Ke2 Kd6 41. Kd3 g5 42. Nc2 Nd5 43. Nd4 Ke5 44. f4+ Kf6 45. a3 g4 46. e4
1/2-1/2

[Event "15. Obert Int. Sant Marti 2013"]
[Site "Barcelona ESP"]
[Date "2013.07.14"]
[Round "2.43"]
[White "Hernandez, Zaida"]
[Black "Martorell Aguado, Joan"]
[Result "0-1"]
[WhiteElo "1998"]
[BlackElo "2167"]
[PlyCount "86"]
[EventDate "2013.07.13"]
[EventType "swiss"]
[EventRounds "9"]
[EventCountry "ESP"]
[SourceTitle "Ajedrez en Madrid"]
[Source "lmi"]
[SourceDate "2013.07.13"]
[SourceVersion "1"]
[SourceVersionDate "2019.06.21"]
[SourceQuality "1"]

1. e4 e6 2. d4 d5 3. Nc3 Bb4 4. e5 b6 5. a3 Bf8 6. Nf3 Bb7 7. g3 Qd7 8. Bg2 Nc6
9. O-O h6 10. Ne2 O-O-O 11. c3 g5 12. Re1 f6 13. exf6 Nxf6 14. b4 Bd6 15. a4
Rdf8 16. b5 Na5 17. Ne5 Bxe5 18. dxe5 Ng4 19. f4 gxf4 20. Nxf4 h5 21. Ng6 Rf2
22. Nxh8 Rxg2+ 23. Kxg2 d4+ 24. Kh3 Nf2+ 25. Kh4 Nxd1 26. Rxd1 Qg7 27. Bg5 Qxh8
28. Rxd4 Nb3 29. Bf6 Qg8 30. Rad1 Nxd4 31. Rxd4 Bf3 32. h3 Qg6 33. g4 hxg4 34.
hxg4 Kb7 35. Kg3 Be2 36. Be7 Qc2 37. Bb4 Qxa4 38. g5 Qxb5 39. Be7 Qxe5+ 40. Kf2
Bh5 41. Bf6 Qh2+ 42. Ke3 e5 43. Re4 Qe2# 0-1

[Event "15. Obert Int. Sant Marti 2013"]
[Site "Barcelona ESP"]
[Date "2013.07.14"]
[Round "2.44"]
[White "Amores Gago, Javier"]
[Black "Ridameya Tatche, Jose Miguel"]
[Result "1/2-1/2"]
[WhiteElo "2167"]
[BlackElo "1991"]
[PlyCount "56"]
[EventDate "2013.07.13"]
[EventType "swiss"]
[EventRounds "9"]
[EventCountry "ESP"]
[SourceTitle "Ajedrez en Madrid"]
[Source "lmi"]
[SourceDate "2013.07.13"]
[SourceVersion "1"]
[SourceVersionDate "2019.06.21"]
[SourceQuality "1"]

1. e4 e5 2. Nc3 Bc5 3. f4 d6 4. Nf3 Nc6 5. Na4 Bg4 6. c3 Qf6 7. h3 Bxf3 8. Qxf3
Bb6 9. d3 Nge7 10. Nxb6 axb6 11. Be3 exf4 12. Bxf4 Qe6 13. b3 Ne5 14. Qe3 N5g6
15. Be2 Nxf4 16. Qxf4 Qe5 17. O-O Qxf4 18. Rxf4 Ra3 19. d4 O-O 20. Bc4 c6 21.
Rf2 b5 22. Bd3 Rfa8 23. Rb2 f6 24. Kf2 Kf7 25. Ke3 Ke6 26. c4 b4 27. d5+ Kd7
28. Kd4 c5+ 1/2-1/2

[Event "15. Obert Int. Sant Marti 2013"]
[Site "Barcelona ESP"]
[Date "2013.07.14"]
[Round "2.45"]
[White "Maltsev, Leonid"]
[Black "Cherednichenko, Elena"]
[Result "0-1"]
[WhiteElo "1985"]
[BlackElo "2167"]
[PlyCount "70"]
[EventDate "2013.07.13"]
[EventType "swiss"]
[EventRounds "9"]
[EventCountry "ESP"]
[SourceTitle "Ajedrez en Madrid"]
[Source "lmi"]
[SourceDate "2013.07.13"]
[SourceVersion "1"]
[SourceVersionDate "2019.06.21"]
[SourceQuality "1"]

1. e4 e5 2. Nf3 Nc6 3. Bb5 a6 4. Ba4 Nf6 5. d4 exd4 6. O-O Be7 7. Re1 O-O 8. e5
Nd5 9. Nxd4 Nxd4 10. Qxd4 Nb6 11. Bb3 d5 12. exd6 Bxd6 13. Bf4 Qh4 14. Be5 Qxd4
15. Bxd4 Bf5 16. Nc3 Rfe8 17. a4 Nd7 18. Bd5 c6 19. Be4 Be6 20. Bf3 Bb4 21. Re2
Bf5 22. Ne4 Ne5 23. Kh1 Nxf3 24. gxf3 c5 25. Rg1 cxd4 26. Nf6+ Kf8 27. Rxe8+
Rxe8 28. Nxe8 Kxe8 29. Rc1 Be7 30. Kg1 Kd7 31. Kf1 Kd6 32. Ke2 Kd5 33. c4+ Kc5
34. f4 Kb4 35. f3 Kxa4 0-1

[Event "15. Obert Int. Sant Marti 2013"]
[Site "Barcelona ESP"]
[Date "2013.07.14"]
[Round "2.46"]
[White "Christiansen, Johan-Sebastian"]
[Black "Vatkali, Dimitra"]
[Result "1/2-1/2"]
[WhiteElo "2155"]
[BlackElo "1964"]
[PlyCount "221"]
[EventDate "2013.07.13"]
[EventType "swiss"]
[EventRounds "9"]
[EventCountry "ESP"]
[SourceTitle "Ajedrez en Madrid"]
[Source "lmi"]
[SourceDate "2013.07.13"]
[SourceVersion "1"]
[SourceVersionDate "2019.06.21"]
[SourceQuality "1"]

1. d4 d5 2. c4 c6 3. Nf3 Nf6 4. Qc2 dxc4 5. Qxc4 Bf5 6. g3 e6 7. Bg2 Nbd7 8.
O-O Be7 9. Nc3 O-O 10. Bf4 Rc8 11. Rac1 h6 12. Rfd1 Ne4 13. Ne5 Nxc3 14. Qxc3
Nxe5 15. Bxe5 Qb6 16. a3 a5 17. h3 Bg6 18. Kh2 Bg5 19. e3 Rfd8 20. g4 Be7 21.
Bg3 Bf6 22. h4 Rd7 23. f4 Rcd8 24. Be1 a4 25. Rd2 Qb3 26. Qxb3 axb3 27. Bg3 Be7
28. Bf1 Bc2 29. Kh3 f5 30. gxf5 exf5 31. Bc4+ Kf8 32. Be1 b5 33. Bd3 b4 34.
Bxc2 bxc2 35. axb4 Bxb4 36. Rdxc2 Bxe1 37. Rxe1 Rb7 38. Rxc6 Rxb2 39. Rc5 g6
40. h5 Kg7 41. Rc7+ Kg8 42. Rg1 g5 43. fxg5 Rb3 44. gxh6+ Kh8 45. Rg3 f4 46.
exf4 Rb5 47. Rc5 Rb6 48. Rg6 Rb3+ 49. Kg4 Rxd4 50. Kg5 Rg3+ 51. Kf5 Rh3 52. Kg4
Rb3 53. Ra6 Rb8 54. Rf6 Rg8+ 55. Kf5 Rd1 56. Re5 Rh1 57. Ke6 Ra8 58. Kf7 Ra7+
59. Re7 Ra8 60. Re8+ Rxe8 61. Kxe8 Rxh5 62. f5 Kh7 63. Ke7 Rh1 64. Re6 Ra1 65.
f6 Ra7+ 66. Ke8 Ra8+ 67. Kf7 Kxh6 68. Re8 Ra7+ 69. Re7 Ra6 70. Re1 Ra7+ 71. Ke6
Ra6+ 72. Kf5 Ra5+ 73. Re5 Ra8 74. Rb5 Ra7 75. Rc5 Rb7 76. Rd5 Ra7 77. Rd1 Ra5+
78. Ke6 Ra6+ 79. Ke7 Ra7+ 80. Rd7 Ra8 81. Kf7 Kh7 82. Re7 Kh6 83. Re1 Ra7+ 84.
Kg8 Ra8+ 85. Kf7 Ra7+ 86. Re7 Ra8 87. Rc7 Rb8 88. Ra7 Kh7 89. Ke6+ Kg6 90. Rg7+
Kh6 91. Rd7 Kg6 92. Ke7 Kh7 93. Rc7 Ra8 94. Kf7 Kh6 95. Rb7 Rc8 96. Rb1 Rc7+
97. Ke6 Rc6+ 98. Ke7 Rc7+ 99. Kd6 Ra7 100. Rb6 Kg6 101. Ke6 Rf7 102. Ke5 Rf8
103. Re6 Rf7 104. Rd6 Rf8 105. Ra6 Rf7 106. Rb6 Rf8 107. Rc6 Rf7 108. Rc8 Rxf6
109. Rg8+ Kf7 110. Rf8+ Kxf8 111. Kxf6 1/2-1/2

[Event "15. Obert Int. Sant Marti 2013"]
[Site "Barcelona ESP"]
[Date "2013.07.14"]
[Round "2.47"]
[White "Meza Martinez, Alcides Ivan"]
[Black "Cervello I Tost, Roger"]
[Result "0-1"]
[WhiteElo "2136"]
[BlackElo "1954"]
[PlyCount "52"]
[EventDate "2013.07.13"]
[EventType "swiss"]
[EventRounds "9"]
[EventCountry "ESP"]
[SourceTitle "Ajedrez en Madrid"]
[Source "lmi"]
[SourceDate "2013.07.13"]
[SourceVersion "1"]
[SourceVersionDate "2019.06.21"]
[SourceQuality "1"]

1. c4 e5 2. g3 Nc6 3. Bg2 Nf6 4. Nc3 Bc5 5. a3 a5 6. e3 d6 7. Nge2 Qe7 8. Nd5
Nxd5 9. cxd5 Nb8 10. b3 O-O 11. O-O Bb6 12. Bb2 Bg4 13. h3 Bh5 14. g4 Bg6 15.
e4 h5 16. Ng3 Qg5 17. d3 Nd7 18. Bc1 Qh4 19. Nf5 Bxf5 20. gxf5 g5 21. Be3 Nc5
22. Rb1 Rfc8 23. Qd2 f6 24. f3 Kf7 25. Bf2 Qf4 26. Be3 Nxb3 0-1

[Event "15. Obert Int. Sant Marti 2013"]
[Site "Barcelona ESP"]
[Date "2013.07.14"]
[Round "2.48"]
[White "Barba Rios, Enric"]
[Black "Herms Agullo, Jordi"]
[Result "0-1"]
[WhiteElo "1956"]
[BlackElo "2130"]
[PlyCount "108"]
[EventDate "2013.07.13"]
[EventType "swiss"]
[EventRounds "9"]
[EventCountry "ESP"]
[SourceTitle "Ajedrez en Madrid"]
[Source "lmi"]
[SourceDate "2013.07.13"]
[SourceVersion "1"]
[SourceVersionDate "2019.06.21"]
[SourceQuality "1"]

1. e4 d5 2. exd5 Nf6 3. d4 Bg4 4. f3 Bf5 5. c4 e6 6. g4 Nxg4 7. fxg4 Qh4+ 8.
Kd2 Be4 9. Nf3 Qf2+ 10. Qe2 Qxf3 11. Qxf3 Bxf3 12. Rg1 exd5 13. Ke3 Be4 14. Nc3
c6 15. Nxe4 dxe4 16. Kxe4 Nd7 17. Bf4 O-O-O 18. Rd1 Bd6 19. Bxd6 Nf6+ 20. Kf4
Rxd6 21. Rg2 Rhd8 22. Rgd2 Nd7 23. b3 Nc5 24. Bg2 Ne6+ 25. Ke3 Re8 26. Kf2 Nf4
27. Bf3 Rh6 28. Kg1 Re3 29. Rf1 Rg6 30. Kf2 Rc3 31. Kg3 Ne6 32. Kg2 h5 33. h3
f5 34. Kg1 Ng5 35. Bg2 Nxh3+ 36. Bxh3 Rxh3 37. Rxf5 Rxg4+ 38. Kf1 Rh1+ 39. Ke2
Rh2+ 40. Kd1 Rxd2+ 41. Kxd2 Rg2+ 42. Ke1 h4 43. Kf1 Rxa2 44. Rf8+ Kc7 45. c5 b5
46. Rf7+ Kb8 47. Rxg7 h3 48. Rg8+ Kb7 49. Rg7+ Ka6 50. Rc7 Ra1+ 51. Kf2 h2 52.
Rxc6+ Kb7 53. Rh6 h1=Q 54. Rxh1 Rxh1 0-1

[Event "15. Obert Int. Sant Marti 2013"]
[Site "Barcelona ESP"]
[Date "2013.07.14"]
[Round "2.50"]
[White "Posada, Juan Manuel"]
[Black "Pettersen, Joar Gullestad"]
[Result "0-1"]
[WhiteElo "2101"]
[BlackElo "1944"]
[PlyCount "126"]
[EventDate "2013.07.13"]
[EventType "swiss"]
[EventRounds "9"]
[EventCountry "ESP"]
[SourceTitle "Ajedrez en Madrid"]
[Source "lmi"]
[SourceDate "2013.07.13"]
[SourceVersion "1"]
[SourceVersionDate "2019.06.21"]
[SourceQuality "1"]

1. e4 e5 2. Nf3 Nc6 3. d4 exd4 4. c3 d5 5. exd5 Qxd5 6. cxd4 Bg4 7. Be2 O-O-O
8. Be3 Qh5 9. Nc3 Bd6 10. Qa4 Qa5 11. Qxa5 Nxa5 12. O-O Bxf3 13. Bxf3 Nc4 14.
Rac1 a6 15. Nd5 Nxe3 16. fxe3 f6 17. Rc3 Kb8 18. Rfc1 c6 19. Nb6 Ne7 20. Na4
Rhe8 21. g3 Bc7 22. Nc5 Nd5 23. Bxd5 Rxd5 24. Rb3 b6 25. Nxa6+ Kb7 26. Nb4 Rb5
27. a4 Ra5 28. Rxc6 Rxa4 29. Rc2 Ra1+ 30. Kf2 Rh1 31. Kg2 Re1 32. Nd5 Bd8 33.
Kf3 f5 34. Re2 Rf1+ 35. Kg2 Rd1 36. Kf2 g6 37. Nf4 Rh1 38. Kg2 Rd1 39. Nd3 Bf6
40. Kf2 Rh1 41. Kf3 Bg5 42. Ne5 Rf1+ 43. Kg2 Rd1 44. Rc2 Re6 45. Rbc3 Re7 46.
Kf2 Rh1 47. Nf3 Bh6 48. Rd3 g5 49. Kg2 Ra1 50. d5 g4 51. Nd4 Rxe3 52. Rxe3 Bxe3
53. Ne2 Rd1 54. h3 Rxd5 55. hxg4 fxg4 56. Nc3 Re5 57. Ne2 h5 58. Rc3 Bd2 59.
Rd3 Rxe2+ 60. Kf1 Re1+ 61. Kf2 Ba5 62. Rd5 Rh1 63. Kg2 Rh3 0-1

[Event "15. Obert Int. Sant Marti 2013"]
[Site "Barcelona ESP"]
[Date "2013.07.14"]
[Round "2.51"]
[White "Tahay, Alexis"]
[Black "Lopez Perdomo, Juan David"]
[Result "1/2-1/2"]
[WhiteElo "1944"]
[BlackElo "2100"]
[PlyCount "83"]
[EventDate "2013.07.13"]
[EventType "swiss"]
[EventRounds "9"]
[EventCountry "ESP"]
[SourceTitle "Ajedrez en Madrid"]
[Source "lmi"]
[SourceDate "2013.07.13"]
[SourceVersion "1"]
[SourceVersionDate "2019.06.21"]
[SourceQuality "1"]

1. e4 e6 2. d4 d5 3. Nd2 dxe4 4. Nxe4 Nd7 5. Nf3 Ngf6 6. Bd3 Nxe4 7. Bxe4 Nf6
8. Bd3 c5 9. Be3 cxd4 10. Bxd4 Be7 11. c3 O-O 12. Qc2 h6 13. O-O b6 14. Rad1
Qe8 15. Ne5 Bb7 16. Rfe1 Nd5 17. Ng4 h5 18. Ne5 f5 19. g3 Bd6 20. Qe2 Rf6 21.
Nc4 Nf4 22. Qe3 Qc6 23. f3 Rg6 24. Nxd6 Nxd3 25. Nxf5 exf5 26. Rxd3 Rf8 27. Qf4
Rg4 28. Qe5 Kh7 29. Qe6 Re4 30. Rxe4 fxe4 31. Qxe4+ Qxe4 32. fxe4 Bxe4 33. Re3
Bd5 34. Re7 Rf7 35. Rxf7 Bxf7 36. a3 Bb3 37. Kf2 Kg6 38. Ke3 Kf7 39. Kf4 g6 40.
Kg5 Bc2 41. Kf4 Ke6 42. Ke3 1/2-1/2

[Event "15. Obert Int. Sant Marti 2013"]
[Site "Barcelona ESP"]
[Date "2013.07.14"]
[Round "2.52"]
[White "Heredia Tarrats, Amadeu"]
[Black "Nadal Fajardo, Ricard"]
[Result "1-0"]
[WhiteElo "2098"]
[BlackElo "1913"]
[PlyCount "69"]
[EventDate "2013.07.13"]
[EventType "swiss"]
[EventRounds "9"]
[EventCountry "ESP"]
[SourceTitle "Ajedrez en Madrid"]
[Source "lmi"]
[SourceDate "2013.07.13"]
[SourceVersion "1"]
[SourceVersionDate "2019.06.21"]
[SourceQuality "1"]

1. e4 c5 2. Nf3 Nc6 3. Nc3 d6 4. d4 cxd4 5. Nxd4 e5 6. Nf3 Nf6 7. Bc4 Be7 8.
O-O O-O 9. Bg5 Be6 10. Bb3 a6 11. Bxf6 Bxf6 12. Nd5 Bxd5 13. Qxd5 Qc7 14. Rfd1
Rad8 15. c3 Na5 16. g3 Nxb3 17. Qxb3 Qc6 18. Rd5 Be7 19. h4 Kh8 20. Rad1 f5 21.
exf5 Rxf5 22. Nd4 Qc8 23. Nxf5 Qxf5 24. Qxb7 Rf8 25. R5d2 Rf7 26. Qa8+ Rf8 27.
Qxa6 g5 28. Qb7 Rf7 29. hxg5 Bxg5 30. Qb8+ Rf8 31. Qxd6 Bxd2 32. Rxd2 Qb1+ 33.
Kh2 Qf5 34. Qh6 Kg8 35. a4 1-0

[Event "15. Obert Int. Sant Marti 2013"]
[Site "Barcelona ESP"]
[Date "2013.07.14"]
[Round "2.53"]
[White "Harstad, Christian"]
[Black "Ortiz De Latierro Olivella, Aitor"]
[Result "0-1"]
[WhiteElo "1942"]
[BlackElo "2078"]
[PlyCount "84"]
[EventDate "2013.07.13"]
[EventType "swiss"]
[EventRounds "9"]
[EventCountry "ESP"]
[SourceTitle "Ajedrez en Madrid"]
[Source "lmi"]
[SourceDate "2013.07.13"]
[SourceVersion "1"]
[SourceVersionDate "2019.06.21"]
[SourceQuality "1"]

1. d4 Nf6 2. c4 g6 3. Nc3 Bg7 4. e4 d6 5. f3 c5 6. dxc5 Qa5 7. Qa4+ Qxa4 8.
Nxa4 Bd7 9. Nc3 dxc5 10. Be3 b6 11. O-O-O Nc6 12. Nge2 O-O-O 13. Nf4 Rhe8 14.
Be2 Ne5 15. h3 Bh6 16. Nfd5 Bxe3+ 17. Nxe3 Nh5 18. Ned5 Ng3 19. Rhe1 Nxe2+ 20.
Rxe2 Nxc4 21. b3 Na5 22. Red2 Nb7 23. h4 Bc6 24. g4 Rd7 25. h5 Red8 26. h6 Rf8
27. a4 Nd8 28. Nf4 g5 29. Rxd7 Bxd7 30. Nfd5 Nc6 31. Nb5 Be6 32. Kb2 Kb7 33.
Nbc3 Bxd5 34. Rxd5 f6 35. Rd2 Rd8 36. Rf2 Ne5 37. Kc2 e6 38. f4 Nxg4 39. Rf3
gxf4 40. Rxf4 Rg8 41. e5 f5 42. Rf3 Rg6 0-1

[Event "15. Obert Int. Sant Marti 2013"]
[Site "Barcelona ESP"]
[Date "2013.07.14"]
[Round "2.54"]
[White "Barcelo Sola, David"]
[Black "Severri Arrese, Carlos"]
[Result "0-1"]
[WhiteElo "2075"]
[BlackElo "1905"]
[PlyCount "70"]
[EventDate "2013.07.13"]
[EventType "swiss"]
[EventRounds "9"]
[EventCountry "ESP"]
[SourceTitle "Ajedrez en Madrid"]
[Source "lmi"]
[SourceDate "2013.07.13"]
[SourceVersion "1"]
[SourceVersionDate "2019.06.21"]
[SourceQuality "1"]

1. e4 g6 2. d4 Bg7 3. Nc3 d6 4. f4 c6 5. Bc4 Nf6 6. e5 Nd5 7. Bxd5 cxd5 8. Nxd5
Qa5+ 9. Nc3 O-O 10. Nf3 dxe5 11. fxe5 Bg4 12. O-O Nc6 13. h3 Bxf3 14. Rxf3 Rad8
15. Rd3 Nb4 16. Rd2 Bh6 17. Re2 Bxc1 18. Qxc1 Rxd4 19. Qh6 Nc6 20. Rae1 Rfd8
21. e6 f6 22. Rf1 Qb4 23. a3 Qxb2 24. Ne4 Rd1 25. Rfe1 Rxe1+ 26. Rxe1 Qxc2 27.
Qf4 Rd1 28. Rxd1 Qxd1+ 29. Kh2 Qd5 30. Qf3 Qe5+ 31. Kh1 Qa1+ 32. Kh2 Qe5+ 33.
Kh1 Qxe6 34. Nc3 Kg7 35. Nd5 Nd4 0-1